Mckenna Grace - All Movies - Statistics

General Stats
  • This quiz has been taken 19 times
  • The average score is 5 of 28
Answer Stats
Year Movie % Correct
2013 R
80%
2025 Regretting You
70%
2021 Ghostbusters: Afterlife
40%
2024 Ghostbusters: Frozen Empire
40%
2025 Anniversary
30%
2017 I, Tonya
30%
2023 PAW Patrol: The Mighty Movie
30%
2019 Captain Marvel
20%
2023 Crater
20%
2017 Gifted
20%
2025 Slanted
20%
2025 What We Hide
20%
2017 Amityville: The Awakening
10%
2019 Annabelle Comes Home
10%
2013 Goodbye World
10%
2021 Malignant
10%
2025 New Year's Rev
10%
2018 Ready Player One
10%
2020 Scoob!
10%
2021 Spirit Untamed
10%
2014 Suburban Gothic
10%
2016 The Angry Birds Movie
10%
2019 Troop Zero
10%
2015 Frankenstein
0%
2017 How To Be a Latin Lover
0%
2016 Independence Day: Resurgence
0%
2016 Mr. Church
0%
2015 Russell Madness
0%
No matching quizzes found
Score Distribution
Percent of People with Each Score
Percentile by Number Answered
Your Score History
You have not taken this quiz